000 00406nam a22001697a 4500
003 MPLRDC
005 20220104114140.0
008 210129b ||||| |||| 00| 0 eng d
082 _a855 LXJ
100 _a思果等著; 林锡嘉编
245 _a香港别情
_c
250 _a初版
260 _a
_b文学研究社
_c1983
300 _b
650 _a散文;随笔、日记
942 _cBK
_o855 LXJ
999 _c5209
_d5199